O ladrão voltou de madrugada (Record no. 45839)

MARC details
000 -Etiqueta do registo
Valores 00685cam a2200229 4500
100 ## - Dados gerais de processamento
Dados gerais 19990108d1945 m y0pory50030103ba
101 1# - Língua de publicação
Língua por
102 ## - País de publicação
País PT
200 1# - Titulo e menção de responsabilidade
Título próprio O ladrão voltou de madrugada
Primeira menção de responsabilidade Marcel Damar
Outras menções de responsabilidade versão livre de Manuel Morais
210 #9 - Publicação
Local de publicação Lisboa
Nome do editor Romano Torres,
Data de publicação 1945
215 ## - Descrição física 
Paginação / Volumes 182, [10] p.
Dimensões 19 cm
225 2# - Colecção 
Título próprio da colecção Grandes mistérios, grandes aventuras
Indicação de volume 15
304 ## - Nota relativa ao título
Texto de nota Tít. orig.: Un voleur à bord
317 ## - Nota de proveniência
Texto da nota Arquivo da Editora Romano Torres
317 ## - Nota de proveniência
Texto da nota Arquivo da Editora Romano Torres
675 ## - CDU
Notação 821.133.1-312.4
700 #1 - Autor principal
Apelido Damar,
Nome Marcel
702 #1 - Autor secundário
Apelido Morais,
Nome Manuel
Função 730
801 #0 - Fonte de origem
País PT
Agência BN
Regras de catalogação RPC
990 ## - Elementos KOHA
Tipo de documento Livro
Holdings
Aquisição Empréstimo Código de barras Cota Permissão de empréstimo Tipo de documento
Biblioteca Municipal de Redondo Biblioteca Municipal de Redondo 057065 821.133.1-3 DAM   Livro

Powered by Koha